Countries with the Most People Living on Islands - Statistics

General Stats
  • This quiz has been taken 64,728 times
  • The average score is 16 of 20
Answer Stats
People Country % Correct
278 mil Indonesia
97%
123 mil Japan
96%
68.3 mil United Kingdom
94%
5.25 mil New Zealand
90%
15.1 mil United States
90%
118 mil Philippines
89%
30.4 mil Madagascar
87%
5.06 mil Ireland
84%
20.3 mil China
82%
11.2 mil Cuba
82%
7.66 mil Malaysia
82%
21.9 mil Sri Lanka
82%
4.35 mil Canada
81%
24.4 mil India
77%
23.9 mil Taiwan
77%
11.8 mil Haiti
73%
11.4 mil Dominican Republic
72%
6.48 mil Italy
71%
10.4 mil Papua New Guinea
69%
6.02 mil Singapore
61%
No matching quizzes found
Score Distribution
Percent of People with Each Score
Percentile by Number Answered
Your Score History
You have not taken this quiz